00451pab a2200133 454500008004000000100001700040245014200057260000900199300001300208362001200221650001900233700001800252773004700270180718b2013 xxu||||| |||| 00| 0 eng d aDatta, Polly aComparative analysis of operation and functioning of state finance commissions and union finance commission and the Indian federal policy c2013 ap.17-49. aJan-Jun aPublic finance aGupta, Manish aJournal of Social and Economic Development